01464cam a2200361 a 4500952013600000999001700136001000900153003000400162005001700166008004100183010001700224020001800241020001800259020001500277035002400292040004900316050002800365082002200393100002300415245006600438260005800504300004600562504005100608630003600659650002700695650004600722650003300768700003100801856009100832856009200923906004501015942004201060 00102ddc40708STATISTICSaMESbMEScSTAd2019-02-20g350.00l0o005.54 DAV/Bp36033r2019-02-20 00:00:00w2019-02-20yBKzGL21R1 c11117d1111715861440OSt20191226134100.0090810s2010 enka b 001 0 eng  a 2009031333 a9780199556892 a9780199646609 a0199646600 a(OCoLC)ocn429024731 aDLCcDLCdBTCTAdBWKUKdBWKdYDXCPdBWXdDLC00aHF5548.4.M523bD38 201000a005.54223bDAV/B aDavis, Glyn 978210aBusiness statistics using Excel /cGlyn Davis & Branko Pecar. aOxford ;aNew York :bOxford University Press,c2010. axxi, 604 p. :bill. (some col.) ;c25 cm. aIncludes bibliographical references and index.00aMicrosoft Excel (Computer file) 0aCommercial statistics. 0aCommercial statisticsxComputer programs. 0aBusinessxComputer programs.1 aPecar, Branko,d1953-9793423Publisher descriptionuhttp://www.loc.gov/catdir/enhancements/fy1009/2009031333-d.html413Table of contents onlyuhttp://www.loc.gov/catdir/enhancements/fy1307/2009031333-t.html a7bcbccorignewd1eecipf20gy-gencatlg 2ddccBKh005.54iDAV/Bk005.54mDAV/B